LIBRARY ONLINE CATALOGUE

Essential quantitative methods for business management and finance / (Record no. 5783)

MARC details
000 -LEADER
fixed length control field 00764cam a22002412 4500
001 - CONTROL NUMBER
control field 0000002315
005 - DATE AND TIME OF LATEST TRANSACTION
control field 20151217151849.0
008 - FIXED-LENGTH DATA ELEMENTS--GENERAL INFORMATION
fixed length control field 070410s xx 000 0 eng d
020 ## - INTERNATIONAL STANDARD BOOK NUMBER
Terms of availability KES 2,800
040 ## - CATALOGING SOURCE
Original cataloging agency KABU
Transcribing agency KABU
050 #0 - LIBRARY OF CONGRESS CALL NUMBER
Classification number HF5691
Item number .O23 2001
100 1# - MAIN ENTRY--PERSONAL NAME
Personal name Oakshott, Les.
-- 0000151645
245 10 - TITLE STATEMENT
Title Essential quantitative methods for business management and finance /
Statement of responsibility, etc. Les Oakshott.
250 ## - EDITION STATEMENT
Edition statement 2nd ed.
260 ## - PUBLICATION, DISTRIBUTION, ETC. (IMPRINT)
Place of publication, distribution, etc. Houndsmills :
Name of publisher, distributor, etc. Palgrave,
Date of publication, distribution, etc. 2001.
300 ## - PHYSICAL DESCRIPTION
Extent xv, 413 p.
650 #0 - SUBJECT ADDED ENTRY--TOPICAL TERM
Topical term or geographic name as entry element Business mathematics.
-- 0000148324
650 #0 - SUBJECT ADDED ENTRY--TOPICAL TERM
Topical term or geographic name as entry element Finance
General subdivision Mathematical models.
-- 0000151646
908 ## - PUT COMMAND PARAMETER (RLIN)
Put command parameter 070410
950 ## - LOCAL HOLDINGS (RLIN)
-- 1
Holdings
Withdrawn status Lost status Source of classification or shelving scheme Not for loan Home library Current library Date acquired Total Checkouts Full call number Barcode Date last seen Price effective from Koha item type
    Library of Congress Classification   Kabarak, Main Campus Kabarak, Main Campus 17/12/2015   HF5691 .O23 2001 005160 17/12/2015 17/12/2015 General Collection
    Library of Congress Classification   Kabarak, Main Campus Kabarak, Main Campus 17/12/2015   HF5691 .O23 2001 005154 17/12/2015 17/12/2015 General Collection